| 000 | 00549nam a22001817i 4500 | ||
|---|---|---|---|
| 999 |
_c23586 _d23586 |
||
| 003 | AR-CdUCM | ||
| 008 | 260401b20232023 pe|a||| |||| 00| 0 spa d | ||
| 020 | _a978-612-321-150-9 | ||
| 040 |
_aMUNICIPALIDAD PROVINCIAL DEL CUSCO _cBIBLIOTECA MUNICIPAL DEL CUSCO |
||
| 041 | _hspa | ||
| 082 |
_25°reimpresión _aPI / 863 _bD96 |
||
| 100 |
_aDu Bois, Guiomar _925502 |
||
| 245 | _aCuando nace un hermanito / | ||
| 260 |
_aLince Lima-Perú: _bAna Loli _c2023 |
||
| 300 |
_a38 páginas. : _c22x20 cm. |
||
| 942 |
_2ddc _cLIBROS |
||
| 945 |
_apbjr _d01-04-2026 |
||